[Event "HUN-chT2 Charousek 1819"]
[Site "Hungary"]
[Date "2018.12.02"]
[Round "5.11"]
[White "Kun, Balint"]
[Black "Gaal, Ede"]
[Result "1-0"]
[WhiteElo "1835"]
[BlackElo "2059"]
[PlyCount "75"]
[EventDate "2018.09.23"]
[EventType "team-tourn"]
[EventRounds "11"]
[EventCountry "HUN"]
[SourceTitle "CBM 189 Extra"]
[Source "ChessBase"]
[SourceDate "2019.06.03"]
[SourceVersion "1"]
[SourceVersionDate "2019.06.03"]
[SourceQuality "1"]
[WhiteTeam "Balatonfuered"]
[BlackTeam "Haladas Szombathely II"]
[WhiteTeamCountry "HUN"]
[BlackTeamCountry "HUN"]

1. e4 c5 2. Nf3 e6 3. d4 cxd4 4. Nxd4 Nf6 5. Nc3 Nc6 6. Ndb5 d6 7. Bf4 e5 8. Bg5 a6 9. Na3 Be6 10. Nc4 Rc8 11. Bxf6 gxf6 12. Bd3 Ne7 13. Ne3 Bh6 14. Ned5 Bxd5 15. exd5 Qa5 16. 0-0 Bg7 17. Qg4 Kf8 18. Kh1 h5 19. Qh3 Rd8 20. Rad1 Qb4 21. f4 b5 22. fxe5 dxe5 23. Bf5 Qxb2 24. d6 Nxf5 25. Rxf5 Qxc2 26. Qf3 h4 27. Rxf6 e4 28. Rxf7+ Kg8 29. Nxe4 Qxd1+ 30. Qxd1 Kxf7 31. Qd5+ Kg6 32. Qe6+ Kh5 33. g4+ hxg3 34. Nxg3+ Kg5 35. Qf5+ Kh4 36. Qf4+ Kh3 37. Nf5 Be5 38. Qf3+ 1-0

[Event "HUN-chT2 Charousek 1718"]
[Site "Hungary"]
[Date "2018.01.28"]
[Round "5.12"]
[White "Kun, Balint"]
[Black "Kertesz, Zsolt1111"]
[Result "1/2-1/2"]
[WhiteElo "1660"]
[BlackElo "1891"]
[PlyCount "126"]
[EventDate "2017.10.29"]
[EventType "team-tourn"]
[EventRounds "9"]
[EventCountry "HUN"]
[SourceTitle "EXT 2021"]
[Source "ChessBase"]
[SourceDate "2020.10.23"]
[SourceVersion "1"]
[SourceVersionDate "2020.10.23"]
[SourceQuality "1"]
[WhiteTeam "Balatonfuered"]
[BlackTeam "Csuti Hydro"]
[WhiteTeamCountry "HUN"]
[BlackTeamCountry "HUN"]

1. e4 Nf6 2. e5 Nd5 3. c4 Nb6 4. d4 d6 5. exd6 cxd6 6. Nc3 g6 7. Be3 Bg7 8. Rc1 0-0 9. b3 e5 10. Nf3 Nc6 11. Qd2 Bg4 12. d5 Bxf3 13. gxf3 Ne7 14. Bd3 f5 15. f4 Re8 16. Kd1 Nd7 17. h4 Nf6 18. Be2 Ng4 19. Bxg4 fxg4 20. fxe5 Bxe5 21. Bg5 h5 22. Ne4 Qd7 23. Bxe7 Rxe7 24. Ng5 Qf5 25. Qc2 Rf8 26. Qxf5 Rxf5 27. Rc2 Bd4 28. Rh2 Bc5 29. Ne6 b6 30. Re2 Rf3 31. Ke1 Bb4+ 32. Kd1 Rc3 33. Re3 Rxe3 34. fxe3 Rf7 35. Ke2 Bc5 36. e4 Rf3 37. Ng5 Rf4 38. Kd3 g3 39. Rg2 Bf2 40. Nh3 Rxh4 41. Nxf2 gxf2 42. Rxf2 Kg7 43. Ke3 Rg4 44. b4 Rg3+ 45. Kd4 Rg1 46. c5 bxc5+ 47. bxc5 Rd1+ 48. Ke3 dxc5 49. Rc2 Kf6 50. Rxc5 Ke5 51. Rc6 Re1+ 52. Kd3 Rd1+ 53. Ke2 Ra1 54. Ra6 Rc1 55. Rxa7 Kxe4 56. d6 Rc2+ 57. Kd1 Rc8 58. Rg7 Kf5 59. a4 Rd8 60. d7 Ke6 61. Rxg6+ Kxd7 62. Rh6 Ra8 63. Rxh5 Rxa4 1/2-1/2

[Event "HUN-chT2 Asztalos 1617"]
[Site "Hungary"]
[Date "2016.11.27"]
[Round "5.11"]
[White "Kun, Balint"]
[Black "Borsfai, Attila"]
[Result "1-0"]
[WhiteElo "1514"]
[BlackElo "1672"]
[PlyCount "147"]
[EventDate "2016.09.25"]
[EventType "team-tourn"]
[EventRounds "11"]
[EventCountry "HUN"]
[SourceTitle "EXT 2021"]
[Source "ChessBase"]
[SourceDate "2020.10.23"]
[SourceVersion "1"]
[SourceVersionDate "2020.10.23"]
[SourceQuality "1"]
[WhiteTeam "Balatonfuered"]
[BlackTeam "Marcali"]
[WhiteTeamCountry "HUN"]
[BlackTeamCountry "HUN"]

1. e4 c5 2. Nf3 Nc6 3. d4 cxd4 4. Nxd4 e5 5. Nf3 Nf6 6. Bc4 Bc5 7. 0-0 0-0 8. Nc3 a6 9. a3 b5 10. Bb3 Qc7 11. Nd5 Nxd5 12. Bxd5 Rb8 13. Re1 Ne7 14. Bb3 d6 15. h3 Kh8 16. Ng5 g6 17. Nxf7+ Kg7 18. Bh6+ Kg8 19. Bxf8 Kxf8 20. Qf3 Kg7 21. Ng5 Ng8 22. Rad1 Nf6 23. Ba2 Qe7 24. Qb3 Bd7 25. Qf7+ Qxf7 26. Nxf7 Rb6 27. Ng5 h6 28. Ne6+ Bxe6 29. Bxe6 a5 30. g4 Nh7 31. h4 Kf6 32. Bd5 g5 33. h5 Ke7 34. Kf1 Nf6 35. f3 Rb8 36. Rb1 Rf8 37. Ke2 Rc8 38. b4 axb4 39. axb4 Bd4 40. Rb3 Rxc2+ 41. Kd1 Ra2 42. Re2 Ra1+ 43. Kc2 Nd7 44. Bc6 Nb6 45. Bxb5 Kd8 46. Rd2 Ra2+ 47. Kd1 Ra1+ 48. Ke2 Rh1 49. Ra3 Rh2+ 50. Kd1 Rh1+ 51. Kc2 Rh3 52. Ra6 Rxf3 53. Rxd4 exd4 54. Rxb6 Ke7 55. Rb7+ Ke6 56. Rh7 Rf6 57. Bc6 Ke5 58. Re7+ Kf4 59. Bd7 Ke3 60. Bf5 d3+ 61. Kd1 Rf8 62. e5 d5 63. Ra7 Rb8 64. Ra3 Kd4 65. e6 Rxb4 66. Rxd3+ Ke5 67. Re3+ Kd4 68. e7 Kxe3 69. e8Q+ Kd4 70. Qh8+ Kc4 71. Qxh6 d4 72. Qe6+ Kc3 73. Qc6+ Rc4 74. Qxc4+ 1-0

[Event "Fejer County-ch"]
[Site "Fejer Region"]
[Date "2016.11.05"]
[Round "1"]
[White "Pais, Nimrod"]
[Black "Kun, Balint"]
[Result "1-0"]
[WhiteElo "1992"]
[BlackElo "1525"]
[PlyCount "83"]
[EventDate "2016.11.05"]
[EventType "swiss"]
[EventRounds "7"]
[EventCountry "HUN"]
[SourceTitle "EXT 2018"]
[Source "ChessBase"]
[SourceDate "2017.10.13"]
[SourceVersion "1"]
[SourceVersionDate "2017.10.13"]
[SourceQuality "1"]

1. d4 Nf6 2. e3 d5 3. Bd3 c5 4. c3 cxd4 5. exd4 Nc6 6. Qe2 Qc7 7. Nd2 e6 8. Ngf3 Bd6 9. 0-0 0-0 10. Re1 Re8 11. Ne5 Bxe5 12. dxe5 Nd7 13. Nf3 f5 14. b4 b6 15. Rb1 Bb7 16. a3 Ne7 17. Bd2 Rac8 18. Ng5 Nf8 19. f4 h6 20. Nf3 Red8 21. Nd4 Bc6 22. Rec1 Qd7 23. Be3 g6 24. Bf2 Rc7 25. Ba6 Rb8 26. Bd3 Rd8 27. Ra1 Rdc8 28. Be1 Rb8 29. a4 a5 30. Rcb1 Rcc8 31. h4 h5 32. Kh2 Kf7 33. Bb5 Qd8 34. Ba6 Rc7 35. Qb2 Ra8 36. Bb5 Rb8 37. Be2 Qd7 38. bxa5 Bxa4 39. axb6 Rcb7 40. Qa3 Bc6 41. Qc5 Rc8 42. Ba6 1-0

[Event "HUN-chT2 Asztalos 1617"]
[Site "Hungary"]
[Date "2016.09.25"]
[Round "1"]
[White "Kis Bank, Andras"]
[Black "Kun, Balint"]
[Result "0-1"]
[WhiteElo "1095"]
[BlackElo "1514"]
[PlyCount "40"]
[EventDate "2016.09.25"]
[EventType "team-tourn"]
[EventRounds "11"]
[EventCountry "HUN"]
[SourceTitle "EXT 2021"]
[Source "ChessBase"]
[SourceDate "2020.10.23"]
[SourceVersion "1"]
[SourceVersionDate "2020.10.23"]
[SourceQuality "1"]
[WhiteTeam "Kaposvar Bastya"]
[BlackTeam "Balatonfuered"]
[WhiteTeamCountry "HUN"]
[BlackTeamCountry "HUN"]

1. e4 e6 2. d4 d5 3. exd5 exd5 4. Be3 Nc6 5. Qd2 Nf6 6. Nc3 Bb4 7. 0-0-0 Ne4 8. Qd3 Nxc3 9. bxc3 Ba3+ 10. Kd2 0-0 11. c4 Be7 12. cxd5 Qxd5 13. a3 Bf5 14. c4 Qa5+ 15. Qc3 Qxa3 16. Ra1 Qxc3+ 17. Kxc3 Rad8 18. d5 Bf6+ 19. Kb3 Bxa1 20. dxc6 b6 0-1

[Event "HUN-ch U10"]
[Site "Balatonlelle"]
[Date "2016.06.30"]
[Round "9"]
[White "Kun, Balint"]
[Black "Koller, Jozsef Denes"]
[Result "1-0"]
[WhiteElo "1514"]
[BlackElo "1269"]
[PlyCount "95"]
[EventDate "2016.06.24"]
[EventType "swiss"]
[EventRounds "9"]
[EventCountry "HUN"]
[SourceTitle "CBM 173 Extra"]
[Source "ChessBase"]
[SourceDate "2016.08.29"]
[SourceVersion "1"]
[SourceVersionDate "2016.08.29"]
[SourceQuality "1"]

1. e4 e5 2. Nf3 Nc6 3. Bb5 f5 4. Nc3 fxe4 5. Nxe4 d5 6. Nc3 d4 7. Ne4 Qd5 8. Qe2 Bf5 9. Ng3 Bxc2 10. Qxe5+ Qxe5+ 11. Nxe5 Nge7 12. Ne2 Rd8 13. Nf4 Be4 14. Ne6 Rc8 15. Nxd4 Bxg2 16. Rg1 Bd5 17. Ndxc6 Nxc6 18. Nxc6 Bxc6 19. Bxc6+ bxc6 20. b3 g6 21. Bb2 Rg8 22. Rc1 Kd7 23. d3 Bg7 24. Bxg7 Rxg7 25. Rg4 Re7+ 26. Re4 Rce8 27. f3 Rxe4+ 28. dxe4 g5 29. Rc5 g4 30. Kf2 Rf8 31. Rc3 Rf4 32. Kg3 Rxf3+ 33. Rxf3 gxf3 34. Kxf3 Ke6 35. Kf4 h6 36. h3 a5 37. a4 c5 38. h4 Kf6 39. h5 c6 40. e5+ Ke6 41. Ke4 Ke7 42. Kf5 Kf7 43. e6+ Ke7 44. Ke5 Ke8 45. Kf6 Kf8 46. e7+ Ke8 47. Ke6 c4 48. bxc4 1-0